000 00261nam a22001217a 4500
008 180905b xxu||||| |||| 00| 0 eng d
041 _aeng
080 _a159.9
100 _a47
101 _aPSI
245 _aChild Development
_cLockman.J.J
942 _2udc
_cBK
999 _c47546
_d47546